000 00629nam a22002177a 4500
003 UA-OsUOA
001 83025
007 ta
008 20120327b un ||||| |||| 00| 0 ukr d
100 _aПархоменко А.
090 _a2
_bП18
942 _cSA
040 _aUA-OsUOA
_bukr
_cUA-OsUOA
_dUA-OsUOA
245 _aМістичне як предмет релігієзнавчого дослідження: від "поняття" до "значення"
300 _aС.125-131
955 _a0
041 _aukr
080 _a2
773 0 _w83011
650 7 _a2 Релігія. Теологія.
_2UDC
999 _c369361
_d369361